Statistics for Native speakers in European countries

Click here to take the quiz!

General Stats

  • This quiz has been taken 1,386 times
    (803 since last reset)
  • The average score is 17 of 20

Answer Stats

Native SpeakerLanguage% Correct
91,700,000German
100%
72,500,000French
99%
67,000,000English
98%
105,000,000Russian
98%
48,600,000Spanish
98%
60,500,000Italian
97%
9,000,000Swedish
94%
39,500,000Polish
93%
22,200,000Dutch
91%
11,000,000Greek
91%
24,000,000Romanian
90%
5,500,000Danish
86%
10,400,000Portuguese
84%
8,800,000Serbian
84%
7,300,000Bulgarian
83%
10,200,000Czech
83%
13,000,000Hungarian
83%
35,000,000Ukrainian
83%
5,300,000Albanian
62%
7,200,000Belarusian
40%

Score Distribution

Percentile by Number Answered

Percent of People with Each Score

Your Score History

You have not taken this quiz since the last reset